<?xml version="1.0" encoding="UTF-8"?>
<record
    xmlns:xsi="http://www.w3.org/2001/XMLSchema-instance"
    xsi:schemaLocation="http://www.loc.gov/MARC21/slim http://www.loc.gov/standards/marcxml/schema/MARC21slim.xsd"
    xmlns="http://www.loc.gov/MARC21/slim">

  <leader>00631nam a2200181Ia 4500</leader>
  <controlfield tag="008">090124s9999    xx            000 0 und d</controlfield>
  <datafield tag="082" ind1=" " ind2=" ">
    <subfield code="b">17332</subfield>
  </datafield>
  <datafield tag="100" ind1=" " ind2=" ">
    <subfield code="a">&#x915;&#x947;&#x934;&#x915;&#x930; &#x926;&#x94D;&#x935;&#x93E;. &#x935;&#x93E;.</subfield>
  </datafield>
  <datafield tag="245" ind1=" " ind2=" ">
    <subfield code="a"> &#x935;&#x93F;&#x926;&#x94D;&#x92F;&#x941;&#x941;&#x924; &#x924;&#x91C;&#x94D;&#x91C;&#x94D;&#x91E;</subfield>
  </datafield>
  <datafield tag="250" ind1=" " ind2=" ">
    <subfield code="a">2</subfield>
  </datafield>
  <datafield tag="260" ind1=" " ind2=" ">
    <subfield code="b">&#x92A;&#x941;&#x923;&#x947; &#x935;&#x93F;&#x926;&#x94D;&#x92F;&#x93E;&#x930;&#x94D;&#x925;&#x940; &#x917;&#x943;&#x939; &#x92A;&#x94D;&#x930;&#x915;&#x93E;&#x936;&#x928;</subfield>
    <subfield code="c">1974</subfield>
  </datafield>
  <datafield tag="300" ind1=" " ind2=" ">
    <subfield code="a">72</subfield>
  </datafield>
  <datafield tag="600" ind1=" " ind2=" ">
    <subfield code="a">&#x915;&#x947;&#x934;&#x915;&#x930; &#x926;&#x94D;&#x935;&#x93E;. &#x935;&#x93E;.</subfield>
  </datafield>
  <datafield tag="630" ind1=" " ind2=" ">
    <subfield code="a"> &#x935;&#x93F;&#x926;&#x94D;&#x92F;&#x941;&#x941;&#x924; &#x924;&#x91C;&#x94D;&#x91C;&#x94D;&#x91E;</subfield>
  </datafield>
  <datafield tag="700" ind1=" " ind2=" ">
    <subfield code="a">&#x915;&#x947;&#x934;&#x915;&#x930; &#x926;&#x94D;&#x935;&#x93E;. &#x935;&#x93E;.</subfield>
  </datafield>
  <datafield tag="730" ind1=" " ind2=" ">
    <subfield code="a"> &#x935;&#x93F;&#x926;&#x94D;&#x92F;&#x941;&#x941;&#x924; &#x924;&#x91C;&#x94D;&#x91C;&#x94D;&#x91E;</subfield>
  </datafield>
  <datafield tag="942" ind1=" " ind2=" ">
    <subfield code="c">BOOK</subfield>
  </datafield>
  <datafield tag="999" ind1=" " ind2=" ">
    <subfield code="c">89058</subfield>
    <subfield code="d">89058</subfield>
  </datafield>
  <datafield tag="952" ind1=" " ind2=" ">
    <subfield code="0">0</subfield>
    <subfield code="1">0</subfield>
    <subfield code="4">0</subfield>
    <subfield code="7">0</subfield>
    <subfield code="a">THNNWM</subfield>
    <subfield code="b">THNNWM</subfield>
    <subfield code="d">0000-00-00</subfield>
    <subfield code="g">6.00</subfield>
    <subfield code="l">0</subfield>
    <subfield code="o">17332</subfield>
    <subfield code="p">THNNWM-17332</subfield>
    <subfield code="r">2009-01-24 00:00:00</subfield>
    <subfield code="v">6.00</subfield>
    <subfield code="w">2009-01-24</subfield>
    <subfield code="y">BOOK</subfield>
  </datafield>
</record>
